[Event "Madrid ch Final 2019"]
[Site "Madrid ESP"]
[Date "2019.05.28"]
[Round "4.13"]
[White "Garcia Sanz, Eduardo"]
[Black "Robles Diaz, Jose Alberto"]
[Result "1-0"]
[WhiteElo "1820"]
[BlackElo "2044"]
[PlyCount "101"]
[EventDate "2019.05.25"]
[EventType "swiss"]
[EventRounds "7"]
[EventCountry "ESP"]
[SourceTitle "Ajedrez en Madrid"]
[Source "lmi"]
[SourceDate "2019.05.25"]
[SourceVersion "1"]
[SourceVersionDate "2019.06.03"]
[SourceQuality "1"]

1. e4 c5 2. Nf3 e6 3. c4 d6 4. Nc3 Nf6 5. Be2 Be7 6. d4 cxd4 7. Nxd4 a6 8. Be3
Nbd7 9. O-O O-O 10. f4 Qc7 11. Qc2 b6 12. Rad1 Bb7 13. g4 d5 14. cxd5 exd5 15.
e5 Ne4 16. Nxe4 Qxc2 17. Nxc2 Rac8 18. Nc3 b5 19. a3 g5 20. Nd4 gxf4 21. Bxf4
Bc5 22. Bf3 Nb6 23. Kg2 Nc4 24. b4 Bxd4 25. Rxd4 Nxa3 26. Rc1 Nc4 27. Nxd5 Kg7
28. Ne7 Bxf3+ 29. Kxf3 Rc7 30. Nf5+ Kg8 31. Kg3 Ra7 32. Rcd1 Re8 33. Rd8 Ra8
34. Rxa8 Rxa8 35. Rd7 a5 36. Nh6+ Kf8 37. Rxf7+ Ke8 38. Rxh7 Ra6 39. bxa5 Nxa5
40. Rh8+ Kd7 41. Rb8 Nc6 42. Rxb5 Ke6 43. Nf5 Ra3+ 44. Kh4 Ra4 45. Kg5 Rc4 46.
Ng7+ Ke7 47. Rb7+ Kf8 48. Ne6+ Ke8 49. Kf6 Re4 50. g5 Nxe5 51. Re7# 1-0

[Event "Madrid ch Final 2019"]
[Site "Madrid ESP"]
[Date "2019.05.28"]
[Round "4.14"]
[White "Lorenzo Bailador, Alfredo"]
[Black "Martinez Aragon, Aitor"]
[Result "1/2-1/2"]
[WhiteElo "2003"]
[BlackElo "2038"]
[PlyCount "96"]
[EventDate "2019.05.25"]
[EventType "swiss"]
[EventRounds "7"]
[EventCountry "ESP"]
[SourceTitle "Ajedrez en Madrid"]
[Source "lmi"]
[SourceDate "2019.05.25"]
[SourceVersion "1"]
[SourceVersionDate "2019.06.03"]
[SourceQuality "1"]

1. e4 c5 2. c3 Nf6 3. e5 Nd5 4. d4 cxd4 5. Nf3 e6 6. cxd4 b6 7. Bc4 Bb7 8. Bxd5
Bxd5 9. Nc3 Bb4 10. O-O Bxc3 11. bxc3 Qc7 12. Ba3 Nc6 13. Bd6 Qb7 14. Nd2 Na5
15. f3 Nc4 16. Nxc4 Bxc4 17. Rf2 O-O-O 18. Rb2 Qc6 19. Rb4 f6 20. Qa4 b5 21.
Qxa7 Qb7 22. Qxb7+ Kxb7 23. a4 Ra8 24. Rab1 Rhc8 25. f4 Bd3 26. R1b3 Ra5 27.
Bc5 Kc6 28. axb5+ Rxb5 29. Rxb5 Bxb5 30. Rb4 Bd3 31. Ra4 fxe5 32. fxe5 Rb8 33.
Bb4 Rb6 34. Ra8 Kd5 35. Rg8 Ra6 36. Rxg7 Ra1+ 37. Kf2 Ra2+ 38. Ke3 Bb5 39. Kf3
Bc6 40. Kg3 Ke4 41. Kh3 Ke3 42. Rg3+ Kf2 43. Rg7 Kg1 44. Kh4 Kxh2 45. Rxh7 Rxg2
46. Kh5 Rg3 47. Rf7 Kh3 48. Kh6 Rg4 1/2-1/2

[Event "Madrid ch Final 2019"]
[Site "Madrid ESP"]
[Date "2019.05.29"]
[Round "5.1"]
[White "Elissalt Cardenas, Hector"]
[Black "Espinosa Aranda, Angel"]
[Result "1/2-1/2"]
[WhiteElo "2287"]
[BlackElo "2483"]
[PlyCount "52"]
[EventDate "2019.05.25"]
[EventType "swiss"]
[EventRounds "7"]
[EventCountry "ESP"]
[SourceTitle "Ajedrez en Madrid"]
[Source "lmi"]
[SourceDate "2019.05.25"]
[SourceVersion "1"]
[SourceVersionDate "2019.06.03"]
[SourceQuality "1"]

1. c4 c5 2. Nc3 g6 3. g3 Bg7 4. Bg2 Nc6 5. a3 a5 6. e3 Nh6 7. e4 d6 8. h3 O-O
9. Nge2 f5 10. d3 fxe4 11. dxe4 Be6 12. Nd5 Nf7 13. f4 Bd7 14. a4 e6 15. Ndc3
e5 16. O-O exf4 17. gxf4 Qh4 18. Ra3 Bxh3 19. Bxh3 Qxh3 20. Nd5 Qh5 21. Kg2
Rae8 22. Rh3 Qg4+ 23. Rg3 Qe6 24. Re3 Qg4+ 25. Rg3 Qe6 26. Re3 Qg4+ 1/2-1/2

[Event "Madrid ch Final 2019"]
[Site "Madrid ESP"]
[Date "2019.05.29"]
[Round "5.2"]
[White "Moreno Ruiz, Javier"]
[Black "Suarez Uriel, Adrian"]
[Result "0-1"]
[WhiteElo "2471"]
[BlackElo "2382"]
[PlyCount "112"]
[EventDate "2019.05.25"]
[EventType "swiss"]
[EventRounds "7"]
[EventCountry "ESP"]
[SourceTitle "Ajedrez en Madrid"]
[Source "lmi"]
[SourceDate "2019.05.25"]
[SourceVersion "1"]
[SourceVersionDate "2019.06.03"]
[SourceQuality "1"]

1. c4 c5 2. g3 g6 3. Bg2 Bg7 4. Nc3 Nc6 5. a3 Nh6 6. Rb1 a5 7. Nf3 d6 8. d3 Nf5
9. O-O O-O 10. Bd2 e6 11. Ne1 Nfe7 12. Nc2 a4 13. Ne3 Nd4 14. Re1 Nb3 15. Nxa4
Nxd2 16. Rc1 Nc6 17. Nc3 Nd4 18. Qxd2 Nb3 19. Qc2 Nxc1 20. Rxc1 f5 21. Rf1 f4
22. Ned1 Qb6 23. Nb5 Bd7 24. Ndc3 Bc6 25. Bh3 Bd7 26. Nd5 exd5 27. Bxd7 Kh8 28.
Be6 d4 29. Bd5 Rae8 30. Kg2 Re5 31. a4 Rg5 32. Ra1 Be5 33. Rf1 Qd8 34. Bxb7 Qf6
35. Qd1 Rf5 36. g4 f3+ 37. exf3 Qh4 38. h3 h5 39. Rh1 R5f7 40. Bd5 Rh7 41. a5
hxg4 42. hxg4 Bh2 43. Kf1 Re7 44. Kg2 Rh7 45. Kf1 Re7 46. Be4 Qh3+ 47. Ke1 Kg7
48. Kd2 Rxe4 49. dxe4 Qg2 50. Rf1 Rxf3 51. a6 Qxg4 52. Kc1 Qxe4 53. Qc2 d3 54.
Qc3+ Be5 55. Re1 d2+ 56. Qxd2 Qxc4+ 0-1

[Event "Madrid ch Final 2019"]
[Site "Madrid ESP"]
[Date "2019.05.29"]
[Round "5.3"]
[White "Martin Duque, Jesus"]
[Black "Almagro Llamas, Pablo"]
[Result "0-1"]
[WhiteElo "2277"]
[BlackElo "2458"]
[PlyCount "96"]
[EventDate "2019.05.25"]
[EventType "swiss"]
[EventRounds "7"]
[EventCountry "ESP"]
[SourceTitle "Ajedrez en Madrid"]
[Source "lmi"]
[SourceDate "2019.05.25"]
[SourceVersion "1"]
[SourceVersionDate "2019.06.03"]
[SourceQuality "1"]

1. e4 c6 2. Nc3 d5 3. Nf3 Bg4 4. h3 Bxf3 5. Qxf3 e6 6. d4 Qb6 7. Bd3 Nf6 8. e5
Nfd7 9. Ne2 c5 10. c3 cxd4 11. cxd4 Bb4+ 12. Kf1 Nc6 13. Qg4 Bf8 14. g3 h5 15.
Qf4 h4 16. Kg2 hxg3 17. fxg3 O-O-O 18. Be3 f6 19. Rhc1 fxe5 20. dxe5 Bc5 21.
Bd4 Nxd4 22. b4 Nc6 23. bxc5 Nxc5 24. Qe3 Nxd3 25. Qxd3 Rdf8 26. Nf4 Qb2+ 27.
Kh1 g5 28. Rab1 Qxa2 29. Qb5 Rh7 30. Rxc6+ Kb8 31. Ra6 Qc2 32. Qb4 Rd8 33. Nh5
Qf5 34. g4 Qf3+ 35. Kg1 Qe3+ 36. Kh1 Qxh3+ 37. Kg1 Qe3+ 38. Kh1 d4 39. Ra3 Qe4+
40. Kh2 Qxg4 41. Rh3 Rc8 42. Rb2 Qe4 43. Qd6+ Ka8 44. Qxe6 Rch8 45. Qf6 g4 46.
Rf2 a6 47. Qd6 gxh3 48. Rf8+ Rxf8 0-1

[Event "Madrid ch Final 2019"]
[Site "Madrid ESP"]
[Date "2019.05.29"]
[Round "5.4"]
[White "Serrano Salvador, Eduardo"]
[Black "Yañez Rodriguez, Wilbert"]
[Result "1-0"]
[WhiteElo "2324"]
[BlackElo "2217"]
[PlyCount "105"]
[EventDate "2019.05.25"]
[EventType "swiss"]
[EventRounds "7"]
[EventCountry "ESP"]
[SourceTitle "Ajedrez en Madrid"]
[Source "lmi"]
[SourceDate "2019.05.25"]
[SourceVersion "1"]
[SourceVersionDate "2019.06.03"]
[SourceQuality "1"]

1. d4 Nf6 2. Nf3 g6 3. c4 c5 4. d5 b5 5. cxb5 a6 6. bxa6 Bxa6 7. Nc3 Bg7 8. g3
d6 9. Bg2 Nbd7 10. h3 Nb6 11. O-O O-O 12. Rb1 Bc4 13. Nd2 Bxa2 14. Nxa2 Rxa2
15. e4 Nfd7 16. b4 c4 17. Nxc4 Nxc4 18. Qb3 Qa8 19. Qxc4 Rc8 20. Qd3 Ne5 21.
Qb3 Rcc2 22. b5 Nc4 23. b6 Qb7 24. Qb5 Bd4 25. Bh6 Qb8 26. b7 Na3 27. Qd7 Nxb1
28. Rxb1 Rab2 29. Rxb2 Bxb2 30. Qxe7 Bc1 31. Qf8+ Qxf8 32. Bxf8 Rb2 33. Bxd6
Rxb7 34. e5 Bb2 35. e6 Bf6 36. Kh2 Rb2 37. Bc5 Rc2 38. e7 Bxe7 39. Bxe7 Rxf2
40. d6 Rd2 41. Kg1 f5 42. Kf1 Kf7 43. Bf3 Ke6 44. Ke1 Rxd6 45. Bxd6 Kxd6 46.
Ke2 g5 47. Kd3 Ke5 48. Be2 h6 49. Bh5 g4 50. hxg4 Kf6 51. gxf5 Kxf5 52. Ke3 Kg5
53. g4 1-0

[Event "Madrid ch Final 2019"]
[Site "Madrid ESP"]
[Date "2019.05.29"]
[Round "5.5"]
[White "Mkrtchyan, Levon"]
[Black "Perez Gonzalez, Jose Manuel"]
[Result "1/2-1/2"]
[WhiteElo "2168"]
[BlackElo "2228"]
[PlyCount "85"]
[EventDate "2019.05.25"]
[EventType "swiss"]
[EventRounds "7"]
[EventCountry "ESP"]
[SourceTitle "Ajedrez en Madrid"]
[Source "lmi"]
[SourceDate "2019.05.25"]
[SourceVersion "1"]
[SourceVersionDate "2019.06.03"]
[SourceQuality "1"]

1. e4 c5 2. Nf3 d6 3. d4 cxd4 4. Nxd4 Nf6 5. Nc3 a6 6. Bc4 e6 7. Bb3 b5 8. O-O
Be7 9. a3 O-O 10. Be3 Bb7 11. f3 Nc6 12. Nxc6 Bxc6 13. Qd2 Qc7 14. Rad1 Rfd8
15. Qf2 Rab8 16. Rd2 a5 17. Bf4 a4 18. Ba2 b4 19. axb4 Rxb4 20. Nd1 Rb7 21. c3
Qb8 22. Bg3 Nh5 23. Bh4 Bxh4 24. Qxh4 Nf6 25. Rff2 Rbd7 26. Ne3 Qa7 27. Nc4 Bb5
28. Na3 Ba6 29. h3 h6 30. Rd4 Bb7 31. Kh1 e5 32. Rd1 d5 33. exd5 Bxd5 34. Bxd5
Rxd5 35. Rxd5 Rxd5 36. Rf1 Qd7 37. Nc4 Rd1 38. Rxd1 Qxd1+ 39. Kh2 Qe2 40. Nb6
Qxb2 41. Nxa4 Qb8 42. Qb4 Qc7 43. Qc5 1/2-1/2

[Event "Madrid ch Final 2019"]
[Site "Madrid ESP"]
[Date "2019.05.29"]
[Round "5.6"]
[White "Martinez Fernandez, Raul"]
[Black "Cabañas Bravo, Juan Andres"]
[Result "0-1"]
[WhiteElo "2202"]
[BlackElo "2010"]
[PlyCount "82"]
[EventDate "2019.05.25"]
[EventType "swiss"]
[EventRounds "7"]
[EventCountry "ESP"]
[SourceTitle "Ajedrez en Madrid"]
[Source "lmi"]
[SourceDate "2019.05.25"]
[SourceVersion "1"]
[SourceVersionDate "2019.06.03"]
[SourceQuality "1"]

1. e4 d5 2. exd5 Nf6 3. Bb5+ Bd7 4. Be2 Nxd5 5. d4 Bf5 6. Nf3 e6 7. O-O Be7 8.
c4 Nb4 9. Na3 O-O 10. Bf4 Bf6 11. Nb5 N4a6 12. Qd2 Qe7 13. Ne5 h6 14. Bf3 c6
15. Nc3 g5 16. Bg3 Rd8 17. Rfe1 Nc5 18. Qe3 Ncd7 19. Ne4 Bg7 20. Nd6 Qxd6 21.
Nxc6 Qxc6 22. Bxc6 Nxc6 23. Rad1 Nb6 24. Bc7 Rxd4 25. Bxb6 axb6 26. Qb3 Rad8
27. Rxd4 Bxd4 28. h3 Bc5 29. Rd1 Rxd1+ 30. Qxd1 Nb4 31. g4 Bg6 32. Qd8+ Kg7 33.
a3 Nd3 34. b4 Bxf2+ 35. Kf1 e5 36. Qd5 Bd4 37. Qxb7 Nf4 38. c5 Bd3+ 39. Ke1
bxc5 40. bxc5 Bxc5 41. Qc7 Bd4 0-1

[Event "Madrid ch Final 2019"]
[Site "Madrid ESP"]
[Date "2019.05.29"]
[Round "5.7"]
[White "Rojas Pozo, Jose Luis"]
[Black "Pastor Alonso De Prado, Alberto"]
[Result "1/2-1/2"]
[WhiteElo "1974"]
[BlackElo "2094"]
[PlyCount "122"]
[EventDate "2019.05.25"]
[EventType "swiss"]
[EventRounds "7"]
[EventCountry "ESP"]
[SourceTitle "Ajedrez en Madrid"]
[Source "lmi"]
[SourceDate "2019.05.25"]
[SourceVersion "1"]
[SourceVersionDate "2019.06.03"]
[SourceQuality "1"]

1. d4 e6 2. c4 Bb4+ 3. Bd2 Bxd2+ 4. Qxd2 d5 5. e3 Nf6 6. Nc3 O-O 7. Bd3 Qe7 8.
Nf3 Rd8 9. Qc2 dxc4 10. Bxc4 c5 11. O-O-O cxd4 12. Rxd4 Rxd4 13. Nxd4 a6 14.
Bd3 Nbd7 15. Ne4 g6 16. Qc7 Nxe4 17. Bxe4 Qc5+ 18. Qxc5 Nxc5 19. Bc2 a5 20. Nb3
Nxb3+ 21. Bxb3 Bd7 22. Rd1 Rc8+ 23. Kd2 Kf8 24. Rc1 Bc6 25. f3 Ke7 26. e4 f6
27. Ke3 Rd8 28. Rd1 Rxd1 29. Bxd1 Kd6 30. Be2 Kc5 31. Bd3 e5 32. Be2 Bd7 33.
Bd3 Be6 34. Bb1 Kc4 35. Bd3+ Kb4 36. Bb1 g5 37. Kd2 Bc4 38. g3 b5 39. f4 Bf7
40. fxg5 fxg5 41. h4 gxh4 42. gxh4 a4 43. a3+ Kb3 44. Kc1 Be8 45. Bd3 b4 46.
axb4 Kxb4 47. Kd2 Kb3 48. Kc1 Bc6 49. Bc2+ Kc4 50. Kd2 Kd4 51. Ke2 h6 52. Kf3
Bd7 53. Ke2 Be8 54. Kf2 Bb5 55. Kf3 Bc6 56. Ke2 Bxe4 57. Bxa4 Bd3+ 58. Ke1 e4
59. Bd1 Ke3 60. Ba4 Kd4 61. Bd1 Ke3 1/2-1/2

[Event "Madrid ch Final 2019"]
[Site "Madrid ESP"]
[Date "2019.05.29"]
[Round "5.8"]
[White "Rios Rebollo, Victor"]
[Black "Garcia Sanz, Eduardo"]
[Result "1-0"]
[WhiteElo "2007"]
[BlackElo "1820"]
[PlyCount "71"]
[EventDate "2019.05.25"]
[EventType "swiss"]
[EventRounds "7"]
[EventCountry "ESP"]
[SourceTitle "Ajedrez en Madrid"]
[Source "lmi"]
[SourceDate "2019.05.25"]
[SourceVersion "1"]
[SourceVersionDate "2019.06.03"]
[SourceQuality "1"]

1. d4 d5 2. c4 e6 3. Nc3 c5 4. cxd5 exd5 5. Nf3 Nc6 6. g3 Nf6 7. Bg2 Be7 8. O-O
O-O 9. Bg5 h6 10. Bxf6 Bxf6 11. dxc5 Be6 12. Qd2 Qa5 13. Nxd5 Bxd5 14. Qxd5
Bxb2 15. Rab1 Qa3 16. Qd2 Bc3 17. Qc2 Nd4 18. Nxd4 Bxd4 19. Bxb7 Bxc5 20. Bxa8
Rxa8 21. Rb3 Qa5 22. Rc3 Bb6 23. Rc8+ Rxc8 24. Qxc8+ Kh7 25. Qc2+ g6 26. Rd1 h5
27. e3 Qe5 28. Qc4 Qe7 29. Kg2 Kg7 30. Rd5 Qe6 31. Qc3+ Kh7 32. Qe5 Qc6 33. Qe4
Qf6 34. Rxh5+ Kg7 35. Rd5 Kh7 36. h4 1-0

[Event "Madrid ch Final 2019"]
[Site "Madrid ESP"]
[Date "2019.05.29"]
[Round "5.9"]
[White "De La Puerta Cresis, Javier"]
[Black "Bello Burguet, Glenier Lazaro"]
[Result "1/2-1/2"]
[WhiteElo "2116"]
[BlackElo "1961"]
[PlyCount "88"]
[EventDate "2019.05.25"]
[EventType "swiss"]
[EventRounds "7"]
[EventCountry "ESP"]
[SourceTitle "Ajedrez en Madrid"]
[Source "lmi"]
[SourceDate "2019.05.25"]
[SourceVersion "1"]
[SourceVersionDate "2019.06.03"]
[SourceQuality "1"]

1. d4 Nf6 2. c4 e6 3. Nc3 Bb4 4. Qc2 O-O 5. e4 d5 6. e5 Ne4 7. Bd3 f5 8. exf6
Nxf6 9. Nf3 c5 10. dxc5 e5 11. Nxe5 d4 12. a3 Ba5 13. Bg5 Qe8 14. Bxf6 gxf6 15.
Bxh7+ Kh8 16. O-O Qxe5 17. Nd5 f5 18. Bg6 Be6 19. b4 Bxd5 20. cxd5 Bd8 21. Qb3
Kg7 22. Rae1 Qf4 23. Be8 Bf6 24. Re6 Rh8 25. h3 Na6 26. Bd7 Rad8 27. c6 Nb8 28.
Rfe1 Nxd7 29. cxd7 Rxd7 30. d6 Rxd6 31. g3 Rxe6 32. Qxe6 Qf3 33. h4 Rd8 34. Rc1
Rf8 35. Rc7+ Kg6 36. Qd7 Qh5 37. Rxb7 d3 38. Qxd3 Rd8 39. Qc4 Qd1+ 40. Kh2 Qd5
41. Qc7 Rh8 42. Kg1 Qd1+ 43. Kg2 Qd5+ 44. Kg1 Qd1+ 1/2-1/2

[Event "Madrid ch Final 2019"]
[Site "Madrid ESP"]
[Date "2019.05.29"]
[Round "5.10"]
[White "Perez Diez, Victor"]
[Black "Iagar, Razvan-Gabriel"]
[Result "1/2-1/2"]
[WhiteElo "2018"]
[BlackElo "2104"]
[PlyCount "63"]
[EventDate "2019.05.25"]
[EventType "swiss"]
[EventRounds "7"]
[EventCountry "ESP"]
[SourceTitle "Ajedrez en Madrid"]
[Source "lmi"]
[SourceDate "2019.05.25"]
[SourceVersion "1"]
[SourceVersionDate "2019.06.03"]
[SourceQuality "1"]

1. e4 e6 2. d3 c5 3. Nc3 Nc6 4. g3 g6 5. Bg2 Bg7 6. Be3 d6 7. Qd2 Nge7 8. Bh6
Bxh6 9. Qxh6 Nd4 10. Qd2 e5 11. Nd1 Be6 12. c3 Ndc6 13. f4 Qd7 14. Ne3 d5 15.
Nf3 exf4 16. gxf4 dxe4 17. dxe4 Qxd2+ 18. Nxd2 O-O-O 19. O-O-O Rd3 20. Ndc4
Rhd8 21. Kc2 Rxd1 22. Rxd1 Rxd1 23. Kxd1 Kd7 24. Kc2 h6 25. h4 b6 26. a3 f6 27.
Nd2 Nd8 28. Bf3 f5 29. Kd3 Nf7 30. Bg2 Nd6 31. e5 Nf7 32. Nf3 1/2-1/2

[Event "Madrid ch Final 2019"]
[Site "Madrid ESP"]
[Date "2019.05.29"]
[Round "5.11"]
[White "Pindado Campos, Raul"]
[Black "Estevez Sacristan, Deva"]
[Result "1-0"]
[WhiteElo "2089"]
[BlackElo "1999"]
[PlyCount "63"]
[EventDate "2019.05.25"]
[EventType "swiss"]
[EventRounds "7"]
[EventCountry "ESP"]
[SourceTitle "Ajedrez en Madrid"]
[Source "lmi"]
[SourceDate "2019.05.25"]
[SourceVersion "1"]
[SourceVersionDate "2019.06.03"]
[SourceQuality "1"]

1. e4 e6 2. d3 d5 3. Nd2 Nf6 4. Ngf3 Nc6 5. g3 Be7 6. Bg2 O-O 7. O-O b5 8. Re1
Bb7 9. e5 Nd7 10. Nf1 Re8 11. h4 a5 12. N1h2 b4 13. Ng4 a4 14. a3 bxa3 15. bxa3
Na5 16. Bg5 c5 17. Qd2 d4 18. Rab1 Bd5 19. Qf4 Nf8 20. h5 Bxf3 21. Bxe7 Qxe7
22. Bxf3 Ra7 23. Nf6+ Kh8 24. Nxe8 Qxe8 25. h6 Ng6 26. hxg7+ Kxg7 27. Qf6+ Kg8
28. Rb6 Rc7 29. Reb1 h6 30. Ra6 Nc6 31. Rxc6 Rxc6 32. Bxc6 1-0

[Event "Madrid ch Final 2019"]
[Site "Madrid ESP"]
[Date "2019.05.29"]
[Round "5.12"]
[White "Gonzalez Rivera, Eduardo"]
[Black "Nuñez Reiz, Antonio"]
[Result "1-0"]
[WhiteElo "1998"]
[BlackElo "2083"]
[PlyCount "49"]
[EventDate "2019.05.25"]
[EventType "swiss"]
[EventRounds "7"]
[EventCountry "ESP"]
[SourceTitle "Ajedrez en Madrid"]
[Source "lmi"]
[SourceDate "2019.05.25"]
[SourceVersion "1"]
[SourceVersionDate "2019.06.03"]
[SourceQuality "1"]

1. e4 c5 2. Nf3 e6 3. d4 cxd4 4. Nxd4 a6 5. g3 d5 6. Nc3 Bb4 7. Nde2 dxe4 8.
Qxd8+ Kxd8 9. Bg5+ f6 10. O-O-O+ Ke7 11. Be3 f5 12. a3 Bd6 13. g4 Nf6 14. gxf5
exf5 15. Bg5 Be6 16. Bh3 Bc7 17. Nd4 g6 18. f3 e3 19. Nxe6 Kxe6 20. Bxf6 Kxf6
21. Nd5+ Ke5 22. Nxc7 Ra7 23. Nd5 f4 24. Rhg1 e2 25. Rge1 1-0

[Event "Madrid ch Final 2019"]
[Site "Madrid ESP"]
[Date "2019.05.29"]
[Round "5.13"]
[White "Nieto De La Cruz, Julio"]
[Black "Gueler Berdasco, Martin"]
[Result "1-0"]
[WhiteElo "2168"]
[BlackElo "1917"]
[PlyCount "65"]
[EventDate "2019.05.25"]
[EventType "swiss"]
[EventRounds "7"]
[EventCountry "ESP"]
[SourceTitle "Ajedrez en Madrid"]
[Source "lmi"]
[SourceDate "2019.05.25"]
[SourceVersion "1"]
[SourceVersionDate "2019.06.03"]
[SourceQuality "1"]

1. d4 Nf6 2. Nf3 d5 3. Bf4 c5 4. e3 Nc6 5. Nc3 Bf5 6. dxc5 Rc8 7. a3 e6 8. b4
Nh5 9. Bg5 f6 10. Bh4 g5 11. Nd4 Nxd4 12. exd4 Bg6 13. Bb5+ Kf7 14. Bg3 e5 15.
dxe5 Nxg3 16. hxg3 d4 17. Bc4+ Kg7 18. exf6+ Qxf6 19. Ne2 b6 20. Nxd4 bxc5 21.
Ne6+ Kf7 22. Qd7+ Be7 23. Nxg5+ Kg7 24. Ne6+ Kf7 25. Nxc5+ Kg7 26. O-O Bf5 27.
Qxa7 Ra8 28. Qb7 Rhb8 29. Qd5 Rxb4 30. axb4 Rxa1 31. b5 Rxf1+ 32. Bxf1 Bxc2 33.
Ne6+ 1-0

[Event "Madrid ch Final 2019"]
[Site "Madrid ESP"]
[Date "2019.05.29"]
[Round "5.14"]
[White "Martinez Aragon, Aitor"]
[Black "Robles Diaz, Jose Alberto"]
[Result "1/2-1/2"]
[WhiteElo "2038"]
[BlackElo "2044"]
[PlyCount "77"]
[EventDate "2019.05.25"]
[EventType "swiss"]
[EventRounds "7"]
[EventCountry "ESP"]
[SourceTitle "Ajedrez en Madrid"]
[Source "lmi"]
[SourceDate "2019.05.25"]
[SourceVersion "1"]
[SourceVersionDate "2019.06.03"]
[SourceQuality "1"]

1. e4 e5 2. Nf3 Nc6 3. d4 exd4 4. Nxd4 Nf6 5. Nxc6 bxc6 6. e5 Qe7 7. Qe2 Nd5 8.
c4 Nb6 9. b3 Qe6 10. g3 Bb4+ 11. Bd2 a5 12. Bg2 O-O 13. O-O Ba6 14. Qe4 f6 15.
Re1 Rae8 16. f4 d5 17. Qd4 fxe5 18. Rxe5 Qd6 19. Bxb4 Qxb4 20. Nd2 Rxe5 21. a3
c5 22. axb4 cxd4 23. fxe5 dxc4 24. bxa5 c3 25. axb6 cxd2 26. Rd1 cxb6 27. Rxd2
Rd8 28. Be4 Kf7 29. Bf5 g6 30. Bh3 Ke7 31. Ra2 Bb5 32. Kf2 Rf8+ 33. Ke1 Rf3 34.
Ra7+ Ke8 35. Ra8+ Ke7 36. Ra7+ Kd8 37. Ra8+ Ke7 38. Ra7+ Kd8 39. Ra8+ 1/2-1/2

[Event "Madrid ch Final 2019"]
[Site "Madrid ESP"]
[Date "2019.05.30"]
[Round "6.1"]
[White "Espinosa Aranda, Angel"]
[Black "Almagro Llamas, Pablo"]
[Result "1-0"]
[WhiteElo "2483"]
[BlackElo "2458"]
[PlyCount "75"]
[EventDate "2019.05.25"]
[EventType "swiss"]
[EventRounds "7"]
[EventCountry "ESP"]
[SourceTitle "Ajedrez en Madrid"]
[Source "lmi"]
[SourceDate "2019.05.25"]
[SourceVersion "1"]
[SourceVersionDate "2019.06.03"]
[SourceQuality "1"]

1. e4 c6 2. d4 d5 3. e5 Bf5 4. Nf3 e6 5. Be2 Nd7 6. O-O Ne7 7. Nbd2 Nc8 8. a4
Be7 9. a5 a6 10. c4 O-O 11. c5 f6 12. b4 Qe8 13. Bb2 Bd8 14. Ra3 Bg4 15. h3 Bh5
16. Ne1 Bxe2 17. Qxe2 fxe5 18. dxe5 Bg5 19. Ndf3 Qh5 20. g4 Qg6 21. Nxg5 Qxg5
22. Ng2 Ne7 23. f4 Qg6 24. Kh2 Qe4 25. Qd2 Ng6 26. Re1 Qc4 27. Bd4 Rae8 28. Rg3
Rf7 29. f5 Ngf8 30. Rf3 h5 31. Ne3 Qb3 32. Ref1 Rfe7 33. f6 Rf7 34. Nf5 Qxf3
35. Nh6+ gxh6 36. Rxf3 hxg4 37. Rg3 Ng6 38. Qxh6 1-0

[Event "Madrid ch Final 2019"]
[Site "Madrid ESP"]
[Date "2019.05.30"]
[Round "6.2"]
[White "Suarez Uriel, Adrian"]
[Black "Serrano Salvador, Eduardo"]
[Result "1-0"]
[WhiteElo "2382"]
[BlackElo "2324"]
[PlyCount "68"]
[EventDate "2019.05.25"]
[EventType "swiss"]
[EventRounds "7"]
[EventCountry "ESP"]
[SourceTitle "Ajedrez en Madrid"]
[Source "lmi"]
[SourceDate "2019.05.25"]
[SourceVersion "1"]
[SourceVersionDate "2019.06.03"]
[SourceQuality "1"]

1. e4 c5 2. Nf3 e6 3. d4 cxd4 4. Nxd4 Nc6 5. Nc3 Qc7 6. Be3 a6 7. Qd2 Nf6 8.
O-O-O Bb4 9. f3 Ne5 10. Nb3 b5 11. Qe1 Nc4 12. Bd4 e5 13. Qg3 Nh5 14. Nd5 Nxg3
15. Nxc7+ Kd8 16. hxg3 Kxc7 17. Bf2 Be7 18. Bxc4 bxc4 19. Na5 c3 20. b3 Bb4 21.
Nc4 a5 22. Nxe5 a4 23. Kb1 axb3 24. axb3 Ba3 25. Nc4 Ba6 26. Nxa3 Be2 27. Bc5
Ra6 28. e5 Rha8 29. Rd4 Kc6 30. Bd6 h6 31. Re1 Bb5 32. Re3 Rxa3 33. Bxa3 Rxa3
34. Rxc3+ Kb6 1-0

[Event "Madrid ch Final 2019"]
[Site "Madrid ESP"]
[Date "2019.05.30"]
[Round "6.3"]
[White "Moreno Ruiz, Javier"]
[Black "Elissalt Cardenas, Hector"]
[Result "1-0"]
[WhiteElo "2471"]
[BlackElo "2287"]
[PlyCount "207"]
[EventDate "2019.05.25"]
[EventType "swiss"]
[EventRounds "7"]
[EventCountry "ESP"]
[SourceTitle "Ajedrez en Madrid"]
[Source "lmi"]
[SourceDate "2019.05.25"]
[SourceVersion "1"]
[SourceVersionDate "2019.06.03"]
[SourceQuality "1"]

1. d4 d5 2. c4 c6 3. cxd5 cxd5 4. Bf4 Nc6 5. e3 Nf6 6. Nc3 a6 7. Bd3 Bg4 8.
Nge2 e6 9. Rc1 Bxe2 10. Qxe2 Bd6 11. Bg5 h6 12. Bh4 Rc8 13. O-O O-O 14. f4 Be7
15. Qf3 g6 16. g4 Kg7 17. a3 Nd7 18. Bxe7 Qxe7 19. Rc2 Nf6 20. Na4 h5 21. gxh5
Nxh5 22. Rg2 Rh8 23. Nc5 Rh6 24. Rff2 Nf6 25. Rc2 Rch8 26. Rg3 Na7 27. Rcg2 Kf8
28. Qd1 Nc8 29. Qb3 Nd6 30. Qb6 Nfe4 31. Bxe4 dxe4 32. Rg5 Nf5 33. Nxe4 Nxe3
34. Re2 Nd5 35. Rxd5 exd5 36. Ng3 Qd7 37. Qf6 Qc6 38. Qe7+ Kg7 39. f5 Qf6 40.
Qc5 Rh4 41. fxg6 Qxg6 42. Qxd5 R8h5 43. Qxb7 Qb1+ 44. Kg2 Rxh2+ 45. Kf3 Rxe2
46. Nxh5+ Kh6 47. Kxe2 Qc2+ 48. Ke3 Qc1+ 49. Kd3 Qf1+ 50. Kc3 Kxh5 51. Qd5+ f5
52. Qe5 Kg4 53. d5 Qc1+ 54. Kb4 f4 55. d6 Qd2+ 56. Kc5 Qa5+ 57. Kd4 Qd2+ 58.
Kc4 f3 59. Qe4+ Kg3 60. Qg6+ Kh3 61. Qh5+ Kg3 62. Qg6+ Kh3 63. Qf5+ Kg3 64.
Qe5+ Kh3 65. Qh8+ Kg3 66. Qg7+ Kh3 67. d7 f2 68. Qc3+ Qxc3+ 69. Kxc3 f1=Q 70.
d8=Q Qc1+ 71. Kb3 Qf1 72. Qh8+ Kg4 73. Qg7+ Kh5 74. Qe5+ Kg6 75. Kb4 Kf7 76.
Ka5 Qc4 77. b4 Qd3 78. Qc7+ Ke8 79. Qc6+ Ke7 80. a4 Kd8 81. Qb6+ Ke7 82. Qc7+
Ke8 83. Qc8+ Ke7 84. Qxa6 Qd5+ 85. Qb5 Qa8+ 86. Kb6 Qb8+ 87. Kc6 Qc8+ 88. Kd5
Qf5+ 89. Kd4 Qf4+ 90. Kd3 Qf1+ 91. Ke4 Qg2+ 92. Kf5 Qf3+ 93. Kg6 Qe4+ 94. Kh6
Qh4+ 95. Kg6 Qe4+ 96. Kg5 Qe3+ 97. Kf5 Qf3+ 98. Ke5 Qe3+ 99. Kd5 Qe6+ 100. Kd4
Qg4+ 101. Kc5 Qg1+ 102. Kc6 Qg6+ 103. Kb7 Qe4+ 104. Ka7 1-0